Ear, nose and throat nursing, (Record no. 1547)

000 -LEADER
fixed length control field 00475nam a2200157 4500
008 - FIXED-LENGTH DATA ELEMENTS--GENERAL INFORMATION
fixed length control field 150602b xxu||||| |||| 00| 0 eng d
020 ## - INTERNATIONAL STANDARD BOOK NUMBER
International Standard Book Number 0702010510
050 ## - LIBRARY OF CONGRESS CALL NUMBER
Classification number RF 46 .S73 1984
100 ## - MAIN ENTRY--PERSONAL NAME
Personal name Stalker, Agnes E
245 ## - TITLE STATEMENT
Title Ear, nose and throat nursing,
250 ## - EDITION STATEMENT
Edition statement 6th ed.
260 ## - PUBLICATION, DISTRIBUTION, ETC. (IMPRINT)
Place of publication, distribution, etc. England:
Name of publisher, distributor, etc. Bailliere Tindall,
Date of publication, distribution, etc. 1984
300 ## - PHYSICAL DESCRIPTION
Extent viii, 232p. :
Other physical details ill,;
Dimensions 19cm
650 ## - SUBJECT ADDED ENTRY--TOPICAL TERM
Topical term or geographic name as entry element Otolaryngological nursing
942 ## - ADDED ENTRY ELEMENTS (KOHA)
Source of classification or shelving scheme
Koha item type Hard Covered Materials
Classification part RF 46 .S73 1984
Holdings
Withdrawn status Lost status Source of classification or shelving scheme Damaged status Not for loan Home library Current library Shelving location Date acquired Total Checkouts Full call number Barcode Date last seen Price effective from Koha item type
          MACHAKOS UNIVERSITY LIBRARY MACHAKOS UNIVERSITY LIBRARY Open shelf 02/06/2015   RF 46 .S73 1984 4073 08/02/2019 02/06/2015 Hard Covered Materials
© Machakos University Library, Along The Highway, Machakos Wote Rd, Machakos, Kenya P.O. Box 136 - 90100 Machakos - Kenya

Tel: ( +254 ) 723 805829 OR Fax : 044-20353 OR Email: library@mksu.ac.ke